Memoria institucional 1997
Tallennettuna:
| Yhteisötekijä: | |
|---|---|
| Aineistotyyppi: | Kirja |
| Kieli: | espanja |
| Julkaistu: |
Santiago
Dirección del Trabajo
1997
|
| Aiheet: | |
| Tagit: |
Lisää tagi
Ei tageja, Lisää ensimmäinen tagi!
|
MARC
| LEADER | 00000nam a2200000 a 4500 | ||
|---|---|---|---|
| 001 | UCO1358 | ||
| 003 | CL-VaPUC | ||
| 008 | 000512e19970000CL |||||||||||||||||spa|d | ||
| 082 | 0 | 4 | |a 351.83 |b DIR |2 21 |
| 110 | 2 | |a Dirección del Trabajo |e author |9 443406 | |
| 245 | 1 | 0 | |a Memoria institucional 1997 |
| 300 | |a 84 p | ||
| 942 | |c BK | ||
| 945 | |d 20000512 00:00:00 |a rbrito | ||
| 260 | |a Santiago |b Dirección del Trabajo |c 1997 | ||
| 650 | 0 | |a Trabajadores |9 260887 | |
| 650 | 0 | |a Sindicatos |9 255034 | |
| 650 | 7 | |a PREVISION SOCIAL |2 CL-VaPUC |9 327977 | |
| 650 | 0 | |a Relaciones laborales |9 335971 | |
| 583 | |a last modification |c 20000512 00:00:00 |k Rodrigo Vera | ||
| 999 | |c 287985 |d 287983 | ||
| 952 | |0 0 |1 0 |4 0 |6 351_830000000000000_DIR_1997 |7 0 |8 A |9 335112 |a BIBGIM |b BIBGIM |d 2019-11-20 |i 3612236 |o 351.83 DIR 1997 |p 3612236 |r 2025-01-15 |w 2019-11-20 |y BK |k GIM | ||